Countries By Their KLT Chorus - Statistics

General Stats
  • This quiz has been taken 19 times
  • The average score is 10 of 16
Answer Stats
Chorus % Correct
We're the {United States of America}, we're fifty strong and proud. Here's the names of all our states, and their capitals sing loud!
100%
Hey! Hey! We are the {UK}, that's an abbreviation for our name, {United Kingdom}, it's the same. This song, is about the, {UK}'s countries and capitals and one province now let the knowledge flow.
88%
We are {Canada} made up of ten provinces and three territories with capitals in all. We're here to teach you all and then some facts to go along with them so sing along with me, now let's have a ball!
88%
This is the Kingdom of {Sweden}, we're the 21 counties in our geographical Eden. We're the Kingdom of {Sweden}, Stockholm is the capital in this country of freedom.
75%
We are {India}'s 29 states and 7 union territories!
75%
We are the 85 federal subjects of the {Russian Federation} broken up into five types you'll learn in our explanation.
75%
We are the People's Republic of {China}! ({China}!). Made up of 34 divisions, you'll learn them when we teach ya! We are the People's Republic of {China}! ({China}!). Municipalities, provinces, and regions on the agenda.
75%
Welcome to {Brazil}, here in South America, the fifth largest country in the world with 26 states that will teach ya!
75%
There are 27 governorates in the country of {Egypt}. Located on the continent of Africa, that's no secret.
63%
We are the 13 regions of {Greece}! In southeastern Europe touching the Mediterranean Sea. We're the 13 regions of {Greece}! The birthplace of democracy and Western philosophy.
63%
Come visit {Mexico} if you wanna know about our 31 states and capitals! Come visit {Mexico}, founded long ago, we're the fourteenth largest country now let's start the show!
50%
We're the country of {Thailand}, and we're here to tell you about our 76 provinces that make up our crew. We're the country of {Thailand} in South East Asia we dwell; we have one special administrative region as well.
50%
We're {Tunisia}! It's really great to meet ya! We're the 24 governorates of {Tunisia}! The most northern country on the continent of Africa.
50%
We, we, are the regions of {France}! There are 18 of us, and with us now you have the chance. We, we, have 18 capitals too. You will learn all their names before this song is through.
50%
We are so glad, glad, glad that you're visiting the country of {Chad}. We're the 23 regions that will brag, about our country that's so rad. Welcome to {Chad}!
38%
{Afghan}-{Afghan}, {Afghanistan} is made of 34 provinces. {Afghanistan}'s in south central Asia, we're glad you're learning this.
25%
No matching quizzes found
Score Distribution
Percent of People with Each Score
Percentile by Number Answered
Your Score History
You have not taken this quiz